| 000 | 00611nam a2200193Ia 4500 | ||
|---|---|---|---|
| 003 | GCL | ||
| 008 | 140319s9999 xx 000 0 ara d | ||
| 040 |
_aGCL / _cGCL |
||
| 082 | 0 | 4 |
_a547.6 _bم ك |
| 100 | 1 | _aمحمد بن ابراهيم الحسن | |
| 245 | 1 | 0 |
_aالكيمياء العضوية الاروماتية / _cمحمد بن ابراهيم الحسن |
| 700 | 1 | _aسالم بن سليم الزياب | |
| 260 |
_a[S.N] : _bل. ماسنيون |
||
| 490 | _a | ||
| 650 | 0 | 4 | _aالكيمياء العضوية |
| 650 | 0 | 4 | _aالاثير |
| 650 | 0 | 4 | _aالاحماض العضوية |
| 942 |
_2ddc _cBK |
||
| 999 |
_c30945 _d30945 |
||